|
|
|
|
| LEADER |
01177nam a2200337 4500 |
| 001 |
DLU080062457 |
| 005 |
##20080421 |
| 040 |
# |
# |
|a DLU
|b vie
|
| 041 |
# |
# |
|a vie
|
| 044 |
# |
# |
|a vn
|
| 082 |
# |
# |
|a 539.707 8
|b NG-B
|
| 100 |
# |
# |
|a Nguyễn Phước Beo.
|
| 245 |
# |
# |
|a Xây dựng một số bài thực hành chuyên đề về ứng dụng kỹ thuật hạt nhân trong công nghiệp :
|b Luận văn Thạc sĩ /
|c Nguyễn Phước Beo; Nguyễn Văn Hùng hướng dẫn.
|
| 260 |
# |
# |
|a Đà Lạt :
|b Trường Đại học Đà lạt,
|c 2007.
|
| 300 |
# |
# |
|a 159 tr. :
|b minh hoạ ;
|c 29 cm.
|
| 504 |
# |
# |
|a Tài liệu tham khảo: tr.126-128.
|
| 653 |
# |
# |
|a Kỹ thuật hạt nhân
|
| 653 |
# |
# |
|a Phân tích phổ
|
| 653 |
# |
# |
|a Phương pháp vật lý
|
| 653 |
# |
# |
|a Vật lý hạt nhân
|
| 700 |
# |
# |
|a Nguyễn Văn Hùng,
|c TS,
|e hướng dẫn.
|
| 915 |
# |
# |
|a Vật lý kỹ thuật
|b 604417
|c Thạc sĩ
|d Trường Đại học Đà lạt
|e Bộ Giáo dục và Đào tạo
|
| 992 |
# |
# |
|a 0
|
| 994 |
# |
# |
|a DLU
|
| 900 |
# |
# |
|a True
|
| 911 |
# |
# |
|a Đào Thị Thu Huyền
|
| 925 |
# |
# |
|a G
|
| 926 |
# |
# |
|a A
|
| 927 |
# |
# |
|a LA
|
| 980 |
# |
# |
|a Thư viện Trường Đại học Đà Lạt
|